00928nam a2200241 a 450000100100000000500170001000800410002702000150006804000250008308200180010810000440012624500570017026000710022730000200029849000360031850000590035465000400041365000420045383000430049504900090053895201220054799900170066900001921020200929165942.0100528s1986 sp r 000 p spa d a8400063414 aDO-SdBNPbspacBNPHU a861.44bM764t1 aMontaner Frutos, Alberto,d1963-94133210aTras sus doradas huellas /cAlberto Montaner Frutos. aZaragoza, España :bInstitución Fernando el Católico,c1986. a55 p. ;c25 cm.1 aColección San Jorge ;vno. 48 aIncluye referencia biográfica del autor en la solapa 4aPoesía españolaySIGLO XX99197 4aLiteratura españolaySIGLO XX93326 0aColección San Jorge ;nno. 48941333 aBNGR 001054708MOaGRbGRcCTd2010-05-28iLF1l0o861.44 M764tp19210-10r2020-06-25w2020-06-25y4ZPréstamo en sala c18728d18728